[Event "Bogota El Tablazo op-A"]
[Site "Bogota"]
[Date "2022.06.24"]
[Round "4"]
[White "Pereira Vera, Henry Alberto"]
[Black "Moyano, Carlos Andres"]
[Result "0-1"]
[WhiteElo "1828"]
[BlackElo "2066"]
[PlyCount "58"]
[EventDate "2022.06.23"]
[EventType "swiss"]
[EventRounds "10"]
[EventCountry "COL"]
[SourceTitle "EXT 2023"]
[Source "ChessBase"]
[SourceDate "2022.10.05"]
[SourceVersion "1"]
[SourceVersionDate "2022.10.05"]
[SourceQuality "1"]

1. b3 e5 2. Bb2 f6 3. e4 d5 4. exd5 Qxd5 5. Nc3 Qf7 6. Bc4 Be6 7. Bxe6 Qxe6 8. Nf3 Nc6 9. 0-0 0-0-0 10. Qe2 g5 11. Nb5 a6 12. Nbd4 Nxd4 13. Nxd4 Qd7 14. Nf3 g4 15. Nh4 Ne7 16. d4 exd4 17. Rad1 Nc6 18. Rfe1 Bb4 19. c3 Rhe8 20. Qf1 Rxe1 21. Qxe1 Ba5 22. b4 Re8 23. Qd2 Bb6 24. c4 Qe6 25. c5 Ba7 26. g3 b6 27. Bxd4 Rd8 28. Qc3 Qe4 29. f3 Nxd4 0-1

[Event "Bogota McGregor op 3rd"]
[Site "Bogota"]
[Date "2012.12.15"]
[Round "7"]
[White "Carrillo, Jose Antonio"]
[Black "Moyano, Carlos Andres"]
[Result "1/2-1/2"]
[WhiteElo "1868"]
[BlackElo "2084"]
[PlyCount "69"]
[EventDate "2012.12.12"]
[EventType "swiss"]
[EventRounds "9"]
[EventCountry "COL"]
[SourceTitle "EXT 2014"]
[Source "ChessBase"]
[SourceDate "2013.11.20"]
[SourceVersion "1"]
[SourceVersionDate "2013.11.20"]
[SourceQuality "1"]

1. d4 Nf6 2. c4 g6 3. g3 Bg7 4. Bg2 d6 5. Nf3 0-0 6. 0-0 c6 7. Nc3 Qa5 8. h3 Be6 9. Qd3 Qa6 10. b3 d5 11. Ne5 dxc4 12. bxc4 Nbd7 13. c5 Qxd3 14. Nxd3 Bc4 15. Rb1 Nd5 16. Nxd5 cxd5 17. Rxb7 Rfd8 18. Bg5 f6 19. Bd2 Nb8 20. Nf4 Nc6 21. Ne6 Rdb8 22. Rfb1 Kf7 23. Rxb8 Rxb8 24. Rxb8 Nxb8 25. Nxg7 Kxg7 26. a4 Nc6 27. e3 f5 28. f3 Kf6 29. Bc3 g5 30. e4 e6 31. Kf2 h6 32. exf5 exf5 33. Bf1 Bxf1 34. Kxf1 f4 35. g4 1/2-1/2

[Event "Bogota McGregor op 3rd"]
[Site "Bogota"]
[Date "2012.12.13"]
[Round "3"]
[White "Lozada, Gustavo"]
[Black "Moyano, Carlos Andres"]
[Result "1/2-1/2"]
[WhiteElo "1934"]
[BlackElo "2084"]
[PlyCount "63"]
[EventDate "2012.12.12"]
[EventType "swiss"]
[EventRounds "9"]
[EventCountry "COL"]
[SourceTitle "EXT 2014"]
[Source "ChessBase"]
[SourceDate "2013.11.20"]
[SourceVersion "1"]
[SourceVersionDate "2013.11.20"]
[SourceQuality "1"]

1. Nf3 Nf6 2. d4 g6 3. g3 Bg7 4. Bg2 0-0 5. 0-0 d6 6. c4 c6 7. Nc3 Nbd7 8. e4 e5 9. h3 Re8 10. Re1 a5 11. a4 exd4 12. Nxd4 Nc5 13. Nb3 Nfd7 14. Be3 Qb6 15. Nxc5 dxc5 16. Qc2 Qb4 17. Bf1 Ne5 18. Qe2 Be6 19. Na2 Bxc4 20. Qxc4 Nxc4 21. Nxb4 Nxe3 22. Rxe3 cxb4 23. Rb1 Rad8 24. b3 Rd2 25. Bc4 Bd4 26. Rf3 Re7 27. Re1 Kg7 28. Kf1 f6 29. Re2 Rd1+ 30. Re1 Rxe1+ 31. Kxe1 Rxe4+ 32. Kd2 1/2-1/2

[Event "Bogota McGregor op 1st"]
[Site "Bogota"]
[Date "2010.12.08"]
[Round "7"]
[White "Acosta, Alejandro"]
[Black "Moyano, Carlos Andres"]
[Result "0-1"]
[WhiteElo "2335"]
[BlackElo "2038"]
[PlyCount "40"]
[EventDate "2010.12.03"]
[EventType "swiss"]
[EventRounds "10"]
[EventCountry "COL"]
[SourceTitle "CBM 139 Extra"]
[Source "ChessBase"]
[SourceDate "2011.01.05"]
[SourceVersion "1"]
[SourceVersionDate "2011.01.05"]
[SourceQuality "1"]

1. e4 e6 2. d4 d5 3. Nc3 Bb4 4. e5 c5 5. a3 Bxc3+ 6. bxc3 Ne7 7. Qg4 Qc7 8. Bd3 c4 9. Be2 Qa5 10. Bd2 Nf5 11. a4 Bd7 12. Qh5 Nc6 13. g4 Nfe7 14. f4 h6 15. Nf3 0-0-0 16. 0-0 f5 17. h3 g5 18. gxf5 Nxf5 19. Qg4 h5 20. Qg2 gxf4 0-1

[Event "Bogota McGregor op 1st"]
[Site "Bogota"]
[Date "2010.12.05"]
[Round "5"]
[White "Ruiz, Alciguel"]
[Black "Moyano, Carlos Andres"]
[Result "0-1"]
[WhiteElo "2159"]
[BlackElo "2038"]
[PlyCount "112"]
[EventDate "2010.12.03"]
[EventType "swiss"]
[EventRounds "10"]
[EventCountry "COL"]
[SourceTitle "CBM 139 Extra"]
[Source "ChessBase"]
[SourceDate "2011.01.05"]
[SourceVersion "1"]
[SourceVersionDate "2011.01.05"]
[SourceQuality "1"]

1. d4 Nf6 2. c4 g6 3. Nc3 Bg7 4. e4 d6 5. f3 0-0 6. Bg5 a6 7. Qd2 Nbd7 8. Nh3 c5 9. d5 b5 10. cxb5 Ne5 11. Nf2 axb5 12. Bxb5 Ba6 13. Bxa6 Rxa6 14. Qe2 Qa5 15. 0-0 Rb8 16. Rfb1 Rab6 17. Ncd1 Qa6 18. Qxa6 Rxa6 19. Bd2 Nc4 20. Bc3 Nh5 21. Bxg7 Kxg7 22. b3 Na3 23. Rc1 Nb5 24. Nc3 Nf4 25. Kf1 Nd4 26. g3 Nh5 27. Kg2 e5 28. Nfd1 f5 29. Rab1 Nf6 30. Rb2 Rb4 31. Ne3 Rab6 32. Rf2 Ra6 33. Nc4 Nd7 34. Re1 Rb8 35. f4 Re8 36. exf5 gxf5 37. fxe5 dxe5 38. Ne3 Rf6 39. Ne2 Nxe2 40. Rexe2 Kg6 41. Rd2 Ref8 42. d6 Re6 43. Rd5 Rf7 44. Nc4 f4 45. gxf4 exf4 46. Kf3 Rf8 47. a4 h5 48. a5 Rfe8 49. Rg2+ Kh6 50. Rf5 Nf6 51. Rxc5 Re1 52. Rf5 Ng4 53. Rxg4 hxg4+ 54. Kxg4 Rg1+ 55. Kh4 Kg6 56. Rh5 f3 0-1

[Event "Bogota McGregor op 1st"]
[Site "Bogota"]
[Date "2010.12.04"]
[Round "2"]
[White "Moyano, Carlos Andres"]
[Black "Angel, Antonio"]
[Result "1-0"]
[WhiteElo "2038"]
[BlackElo "1994"]
[PlyCount "60"]
[EventDate "2010.12.03"]
[EventType "swiss"]
[EventRounds "10"]
[EventCountry "COL"]
[SourceTitle "CBM 139 Extra"]
[Source "ChessBase"]
[SourceDate "2011.01.05"]
[SourceVersion "1"]
[SourceVersionDate "2011.01.05"]
[SourceQuality "1"]

1. e4 c5 2. Nf3 Nc6 3. Bb5 g6 4. Bxc6 dxc6 5. d3 Bg7 6. h3 Nf6 7. Be3 b6 8. Nc3 0-0 9. Qd2 Re8 10. Bh6 Bh8 11. 0-0 Ba6 12. e5 Nd5 13. Ne4 f5 14. Neg5 e6 15. Rfd1 Qe7 16. c4 Nc7 17. Qf4 Rad8 18. b3 b5 19. Rac1 Rd7 20. Rd2 Bg7 21. Bxg7 Kxg7 22. h4 h6 23. Nh3 Red8 24. Qe3 b4 25. Rcd1 Bb7 26. d4 cxd4 27. Rxd4 Rxd4 28. Rxd4 Rxd4 29. Qxd4 a5 30. Qd6 Kf8 1-0